01259nam a2200301 a 450000100060000000300080000600500170001400800410003102000450007202000450011703500190016204000260018104100080020708200260021524501620024126000380040330000310044150001950047250000380066765000330070565000340073865000350077270000230080770000270083071000370085771000300089483000330092466073BD-RjUL20211209081510.0170314s1978 wb a b 101 0 eng d a354008777X (Berlin,Heidelberg, New York) a038708777X (NewYork, Heidelberg, Berlin) a(BD-RjUL)66203 aBD-RjULbengcBD-RjUL aeng 223a591.568bANI 197800aAnimal migration, navigation, and homing :bsymposium held at the University of Tübingen, August 17-20, 1977 /cedited by K. Schmidt-Koenig and W.T. Keeton aBerlin :bSpringer-Verlag,cc1978 ax, 462 p. :bill. ;c25 cm a"Symposium was sponsored by the University of Tübingen, celebrating its 500th anniversary, and held as Internationale Wissenschaftliche Fachkonferenz der Deutschen Forschungsgemeinschaft." aIncludes bibliographies and index 0aAnimal migrationxCongresses 0aAnimal navigationxCongresses 0aAnimal orientationxCongresses1 aKeeton, William T.1 aSchmidt-Koenig, Klaus.2 aDeutsche Forschungsgemeinschaft.2 aUniversität Tübingen. 0aProceedings in life sciences